| 000 | 00412nam a2200157Ia 4500 | ||
|---|---|---|---|
| 008 | 230312s9999||||xx |||||||||||||| ||und|| | ||
| 020 | _a81-7014-283-0 | ||
| 082 |
_a659.2 _bBAL |
||
| 100 | _aBalan,K.R. | ||
| 245 | 0 | _aApplied Public Relations and Communication | |
| 260 |
_bSultan Chand _aNew Delhi _c2003 |
||
| 300 | _a755 | ||
| 546 | _aEng. | ||
| 650 |
_aAccounting _vCommunications , Tools and Media |
||
| 942 | _cBK | ||
| 999 |
_c77 _d77 |
||